00668nam a2200193 a 450000100100000000500170001000800410002704000250006808200190009310000370011224500530014926000420020230000280024465000280027265000310030004900090033195201170034099900170045700001114120240412074223.0091014s1980 dr a 001 p spa d aDO-SdBNPbspacBNPHU aRD861.44bQ64d1 aQuidello de Bosch, Carmen92665310a... desde mi orilla /cCarmen Quidello de Bosch. aSanto Domingo :bAlfa y Omega,c1980. a141 p. :bil. ;c20 cm. 0aPoesía dominicana966 0aLiteratura dominicana.967 aBNPD 0010718PDaPDbPDcCTd2009-10-14iLF1l0oRD861.44 Q64dp11141-10r2020-06-25w2020-06-25yLFPDZNo se presta c10866d10866